ARRUPE JESUIT UNIVERSITY

CORONAVIRUS -STOP THE SPREAD - CLEAN,DISINFECT,COVER
Normal view MARC view

Entry Geographic Name

Number of records used in: 1

001 - CONTROL NUMBER

  • control field: 4224

003 - CONTROL NUMBER IDENTIFIER

  • control field: ARRUPE

005 - DATE AND TIME OF LATEST TRANSACTION

  • control field: 20131127133803.0

008 - FIXED-LENGTH DATA ELEMENTS

  • fixed length control field: 131127|| aca||aabn | a|a d

040 ## - CATALOGING SOURCE

  • Original cataloging agency: ARRUPE
  • Transcribing agency: ARRUPE

151 ## - HEADING--GEOGRAPHIC NAME

  • Geographic name: United States
  • General subdivision: Politics and government
  • Chronological subdivision: 1861-1865.

670 ## - SOURCE DATA FOUND

  • Source citation: Work cat.: (ARRUPE)0: Lincoln, Abraham, 1809-1865. 4220, Selected speeches and writings /, 1992.

 

Arrupe Library. PO Box MP320 Mt Pleasant, Harare, Zimbabwe
263 242 745411|librarian@aju.ac.zw